Statistieken voor Landen door eerste twee letters

Klik hier om de quiz te nemen!

Algemene statistieken

  • Deze quiz is 1.044 keer genomen
  • De gemiddelde score is 108 van 196

Antwoorden op de kaart

Antwoorden kleurgecodeerd door een groen-rode schaal op de quizkaart volgens % correct hieronder.
 

Antwoordstatistieken

Country% Correct
Venezuela
94%
Verenigde Arabische Emiraten
94%
Verenigde Staten
94%
Verenigd Koninkrijk
94%
Cambodja
92%
Canada
92%
Chili
91%
China
91%
Rusland
90%
België
87%
Belize
87%
Benin
87%
Madagaskar
86%
Malawi
86%
Maldiven
86%
Maleisië
86%
Mali
86%
Malta
86%
Marokko
86%
Marshalleilanden
86%
Mauritanië
86%
Mauritius
86%
Polen
86%
Portugal
86%
Spanje
86%
Brazilië
85%
Brunei
85%
Noord-Korea
85%
Noord-Macedonië
85%
Noorwegen
85%
Nederland
84%
Nepal
84%
Mexico
83%
Fiji
81%
Filipijnen
81%
Finland
81%
Frankrijk
81%
Australië
80%
Argentinië
79%
Armenië
79%
Zweden
79%
Zwitserland
79%
India
78%
Indonesië
78%
Denemarken
76%
Libanon
76%
Liberia
76%
Libië
76%
Liechtenstein
76%
Litouwen
76%
Duitsland
75%
Moldavië
75%
Monaco
75%
Mongolië
75%
Montenegro
75%
Mozambique
75%
Nicaragua
70%
Nieuw-Zeeland
70%
Niger
70%
Nigeria
70%
Zuid-Afrika
70%
Zuid-Korea
70%
Zuid-Soedan
70%
Pakistan
69%
Palau
69%
Panama
69%
Papoea-Nieuw-Guinea
69%
Paraguay
69%
Saint Kitts en Nevis
68%
Saint Lucia
68%
Saint Vincent en de Grenadines
68%
Salomonseilanden
68%
Samoa
68%
San Marino
68%
Saoedi-Arabië
68%
Sao Tome en Principe
68%
Kaapverdië
65%
Kameroen
65%
Kazachstan
65%
Tunesië
65%
Turkije
65%
Turkmenistan
65%
Tuvalu
65%
Albanië
64%
Algerije
64%
Colombia
64%
Comoren
64%
Congo-Brazzaville
64%
Congo-Kinshasa
64%
Costa Rica
64%
Bolivia
62%
Bosnië en Herzegovina
62%
Botswana
62%
IJsland
61%
Italië
61%
Jamaica
61%
Japan
61%
Oeganda
61%
Oekraïne
61%
Oezbekistan
61%
Ierland
59%
Lesotho
59%
Letland
59%
Peru
58%
Eswatini
57%
Egypte
55%
Estland
51%
Myanmar
51%
Soedan
50%
Somalië
50%
Irak
49%
Iran
49%
Andorra
47%
Angola
47%
Antigua en Barbuda
47%
Uruguay
46%
Honduras
44%
Hongarije
44%
Bulgarije
43%
Burkina Faso
43%
Burundi
43%
Tsjaad
43%
Tsjechië
43%
Suriname
42%
Bahama's
41%
Bahrein
41%
Bangladesh
41%
Barbados
41%
Guatemala
41%
Guinee
41%
Guinee-Bissau
41%
Guyana
41%
Oost-Timor
41%
Senegal
41%
Servië
41%
Seychellen
41%
Jemen
40%
Grenada
39%
Griekenland
39%
Oostenrijk
39%
Afghanistan
38%
Namibië
38%
Nauru
38%
Ecuador
37%
Tadzjikistan
37%
Taiwan
37%
Tanzania
37%
Oman
36%
Cuba
35%
Roemenië
35%
Wit-Rusland
35%
Thailand
34%
Ethiopië
33%
Koeweit
33%
Kosovo
33%
Laos
30%
Slovenië
30%
Slowakije
30%
Luxemburg
29%
Vietnam
29%
Dominica
28%
Dominicaanse Republiek
28%
Kroatië
27%
El Salvador
26%
Haïti
25%
Kirgizië
25%
Kiribati
25%
Zambia
24%
Gabon
23%
Gambia
23%
Kenia
23%
Israël
22%
Sierra Leone
22%
Singapore
22%
Eritrea
21%
Syrië
21%
Zimbabwe
21%
Ghana
20%
Sri Lanka
20%
Togo
20%
Tonga
20%
Vanuatu
20%
Vaticaanstad
20%
Azerbeidzjan
19%
Centraal-Afrikaanse Republiek
19%
Georgië
19%
Jordanië
18%
Equatoriaal-Guinea
17%
Micronesia
16%
Bhutan
15%
Qatar
15%
Ivoorkust
14%
Djibouti
12%
Rwanda
12%
Cyprus
11%
Trinidad en Tobago
8%

Scoreverdeling

Percentiel versus Aantal Correcte Antwoorden

Procent van Mensen met Elke Score

Uw Scoregeschiedenis

U heeft deze quiz nog niet genomen